000 00498nam a22001937a 4500
003 MPLRDC
005 20220104143416.0
008 210129b ||||| |||| 00| 0 eng d
020 _a983-50-2380-8
082 _a859.6 SJHW v.14
100 _a舒颖著
245 _a我已经长大了
_c
250 _a初版
260 _a
_b彩虹出版有限公司
_c1999
300 _b
490 _a世界华文少儿文学系列; 小说卷14
650 _a少儿文学
942 _cBK
_o859.6 SJHW v.14
999 _c39610
_d39600